| 000 | 00533 a2200181 4500 | ||
|---|---|---|---|
| 003 | Nust | ||
| 005 | 20230306095103.0 | ||
| 040 | _cNust | ||
| 082 | _a320,RUS | ||
| 100 |
_aBertrand Russell _913371 |
||
| 245 |
_aNew Hopes for a Changing a World / _cBertrand Russell |
||
| 260 |
_aLondon _bGeorge Allen _c1951 |
||
| 300 | _a217 p | ||
| 505 | _aMan and Nature (Page-9), Man and Man (Page-59), Man and Himself (Page-153). | ||
| 600 |
_aBertrand Russell _913371 |
||
| 650 |
_aNew Hopes for a Changing world _9109768 |
||
| 942 |
_2ddc _cBK |
||
| 999 |
_c184877 _d184877 |
||